Figure out the Disney Lyrics XXII Quiz Stats

Quiz not verified by Sporcle

Also try: Literal Albums
Challenge
Share
Tweet
Embed
Score 0/290 Timer 12:00
0 Plays Today
Answer % Correct
I
98.2%
I
98.2%
I
98.2%
I
98.2%
I
98.2%
a
97.6%
a
97.6%
a
97.6%
a
97.6%
a
97.6%
a
97.6%
a
97.6%
a
97.6%
a
97.6%
a
97.6%
a
97.6%
a
97.6%
a
97.6%
a
97.6%
a
97.6%
a
97.6%
a
97.6%
a
97.6%
a
97.6%
a
97.6%
a
97.6%
a
97.6%
a
97.6%
a
97.6%
a
97.6%
a
97.6%
the
96.8%
the
96.8%
the
96.8%
the
96.8%
the
96.8%
the
96.8%
the
96.8%
the
96.8%
the
96.8%
the
96.8%
the
96.8%
the
96.8%
the
96.8%
the
96.8%
the
96.8%
the
96.8%
you
94.4%
you
94.4%
you
94.4%
you
94.4%
you
94.4%
you
94.4%
you
94.4%
you
94.4%
Be
91.8%
be
91.8%
Be
91.8%
Be
91.8%
Be
91.8%
be
91.8%
Be
91.8%
Be
91.8%
Be
91.8%
be
91.8%
Be
91.8%
Be
91.8%
to
89%
to
89%
to
89%
to
89%
to
89%
to
89%
can
88.2%
me
87.8%
me
87.8%
me
87.8%
and
87.5%
and
87.5%
he
86.9%
of
86.7%
of
86.7%
We
86.7%
of
86.7%
of
86.7%
of
86.7%
of
86.7%
of
86.7%
We
86.7%
of
86.7%
of
86.7%
of
86.7%
We
86.7%
of
86.7%
of
86.7%
of
86.7%
in
86.5%
Answer % Correct
for
84.7%
for
84.7%
for
84.7%
when
84.5%
go
84.3%
is
83.9%
your
83.5%
they
82.9%
as
82.1%
as
82.1%
as
82.1%
as
82.1%
as
82.1%
as
82.1%
as
82.1%
You're
81.9%
You're
81.9%
You're
81.9%
so
81.9%
you're
81.9%
that
80.7%
I'll
80.3%
I'll
80.3%
see
79.9%
man
79.1%
man
79.1%
man
79.1%
man
79.1%
man
79.1%
man
79.1%
man
79.1%
man
79.1%
man
79.1%
man
79.1%
man
79.1%
man
79.1%
my
78.9%
my
78.9%
ever
78.3%
who
78.1%
we're
77.3%
how
76.9%
How
76.9%
out
76.7%
out
76.7%
out
76.7%
but
76.3%
but
76.3%
make
76.1%
are
76.1%
make
76.1%
make
76.1%
I've
75.5%
I'm
75.3%
all
74.5%
all
74.5%
all
74.5%
all
74.5%
all
74.5%
all
74.5%
get
74.3%
Did
73.3%
down
73.1%
could
72.9%
with
72.7%
with
72.7%
with
72.7%
with
72.7%
with
72.7%
with
72.7%
This
71.9%
Let's
70.7%
up
70.5%
asked
70.1%
knew
69.9%
knew
69.9%
through
69.7%
through
69.7%
through
69.7%
Huns
69.5%
was
69.5%
Huns
69.5%
send
69.3%
us
69.3%
business
69.1%
daughters
69.1%
sons
68.9%
defeat
68.7%
must
68.3%
must
68.3%
must
68.3%
bet
67.5%
got
67.5%
got
67.5%
before
67.3%
river
67.1%
river
67.1%
Answer % Correct
river
67.1%
never
66.7%
every
66.7%
right
66.5%
wish
66.5%
moon
66.5%
moon
66.5%
moon
66.5%
bunch
66.3%
Now
66.3%
saddest
66.1%
met
66.1%
them
65.9%
dark
65.7%
dark
65.7%
dark
65.7%
fire
65.5%
Say
65.5%
fire
65.5%
fire
65.5%
fire
65.5%
Time
65.3%
side
65.1%
side
65.1%
side
65.1%
doesn't
64.9%
great
64.9%
great
64.9%
great
64.9%
Mister
64.7%
win
63.7%
swift
63.5%
swift
63.5%
swift
63.5%
Hope
63.3%
those
63.1%
typhoon
63.1%
typhoon
63.1%
typhoon
63.1%
swim
62.9%
raging
62.9%
mysterious
62.9%
raging
62.9%
mysterious
62.9%
raging
62.9%
mysterious
62.9%
Once
62.7%
Boy
62.7%
home
62.7%
gym
62%
strength
62%
strength
62%
strength
62%
war
61.8%
gonna
61.6%
fool
61.6%
coursing
61.6%
coursing
61.6%
coursing
61.6%
forest
61.4%
find
61.2%
school
61%
really
61%
within
60.8%
sure
60.8%
force
60.8%
force
60.8%
force
60.8%
might
60.6%
pack
60.6%
haven't
60.4%
Somehow
60.4%
goodbye
60.2%
cutting
60.2%
clue
59.8%
breath
59.4%
lot
59.2%
catch
59.2%
Tranquil
59%
center
58.4%
pathetic
57.8%
death
57.2%
rage
57.2%
scared
56.6%
order
56.6%
spineless
55.8%
guy's
55.8%
Heed
55.8%
survive
55.8%
arrive
55.6%
racing
55.4%
pale
55%
'til
54.4%
towards
53.8%
unsuited
51.6%
Hoo-ah!
9%

You're not logged in!

Compare scores with friends on all Sporcle quizzes.
Sign Up with Email
OR
Log In

You Might Also Like...

Show Comments

Extras

Top Quizzes Today


Score Distribution

Your Account Isn't Verified!

In order to create a playlist on Sporcle, you need to verify the email address you used during registration. Go to your Sporcle Settings to finish the process.

Report this User

Report this user for behavior that violates our Community Guidelines.

Details: